[Event "2nd SUFE Cup Rapid"]
[Site "Shanghai CHN"]
[Date "2001.06.02"]
[Round "8"]
[White "Zhu Chen"]
[Black "Chiburdanidze,M"]
[Result "0-1"]
[WhiteElo "2538"]
[BlackElo "2513"]

1.d4 Nf6 2.c4 e6 3.Nf3 b6 4.g3 Ba6 5.b3 Bb4+ 6.Bd2 Be7 7.Bg2 Bb7 8.O-O O-O
9.Nc3 d5 10.cxd5 exd5 11.Qc2 Na6 12.Rad1 Qc8 13.Ne5 Rd8 14.Bf4 Qe6 15.h4 Bb4
16.Kh2 c5 17.dxc5 bxc5 18.Na4 Re8 19.e3 Qe7 20.Kg1 Ba3 21.Nd3 Rac8 22.Bg5 h6
23.Bxf6 Qxf6 24.Nf4 Nb4 25.Qb1 Ba6 26.Rfe1 d4 27.e4 c4 28.bxc4 Bxc4 29.Nb2 Bxa2
30.Qa1 Rc2 31.Nbd3 Nxd3 32.Nxd3 Bf8 33.e5 Qb6 34.Nc1 Bc4 35.Be4 d3 36.Rf1 Bc5
37.Nxd3 Bxd3 38.Bxd3 Bxf2+ 39.Kg2 Bd4+ 40.Bxc2 Bxa1 41.Ba4 Rxe5 42.Rf2 Bd4
43.Rfd2 Qb7+ 44.Kh2 Bb6 45.Bc2 g6 46.Rf1 Qe7 47.Bd3 Re1  0-1

[Event "2nd SUFE Cup Rapid"]
[Site "Shanghai CHN"]
[Date "2001.06.03"]
[Round "9"]
[White "Maric,A"]
[Black "Zhu Chen"]
[Result "0-1"]
[WhiteElo "2446"]
[BlackElo "2538"]

1.d4 d5 2.Nf3 Nf6 3.c4 c6 4.Nc3 a6 5.c5 Nbd7 6.Bf4 Nh5 7.e3 b6 8.b4 Nxf4
9.exf4 a5 10.a3 g6 11.Bd3 Bg7 12.Ne5 Nxe5 13.fxe5 f6 14.f4 fxe5 15.fxe5 O-O
16.Rf1 Rxf1+ 17.Kxf1 Qf8+ 18.Kg1 Qf4 19.Na4 Qxd4+ 20.Kh1 axb4 21.Nxb6 Rxa3
22.Rxa3 bxa3 23.Nxc8 a2 24.Nxe7+ Kf8  0-1

[Event "2nd SUFE Cup Rapid"]
[Site "Shanghai CHN"]
[Date "2001.06.03"]
[Round "11"]
[White "Zhu Chen"]
[Black "Ioseliani,N"]
[Result "1/2-1/2"]
[WhiteElo "2538"]
[BlackElo "2499"]

1.d4 Nf6 2.c4 e6 3.Nf3 b6 4.a3 Bb7 5.Nc3 d5 6.Qc2 Be7 7.Bg5 O-O 8.Rd1 Nbd7
9.e3 Ne4 10.Bxe7 Qxe7 11.cxd5 Nxc3 12.Qxc3 Bxd5 13.Bb5 c6 14.Ba4 Rac8 15.Nd2 Nf6
16.O-O c5 17.dxc5 Rxc5 18.Qb4 Qc7 19.Bb3 Bb7 20.Qf4 Qxf4 21.exf4 Bd5 22.Bxd5 Nxd5
23.b4 Rc2 24.Nb1 Nxf4 25.Rd7 a5 26.bxa5 bxa5 27.g3 Nd5 28.Ra7 Rb8 29.a4 Rc5
30.Na3 Nc3 31.Nb5 Nxa4 32.Ra1 Nb6 33.R1xa5 Nc8 34.Rd7 Kf8 35.Kg2 g5 36.g4 Kg7
37.Rd8 Kf6 38.Re8 Rb6 39.Ra8 Rbxb5 40.Rexc8 Rxc8 41.Rxc8 Rb3 42.Rc5 Kg6 43.h3 Rb4
44.f3 f6 45.Rc6 e5 46.Ra6 Rf4 47.Kg3 h5 48.Ra7 Rb4 49.Kg2 Rb2+ 50.Kg1 Re2
51.Rb7 Ra2 52.Re7 Ra6 53.Kg2 Rb6 54.Kf2 Rb2+ 55.Kg1 h4 56.Ra7 Rb6 57.Re7 Rb8  1/2-1/2

[Event "EUR-ASIA Rapid Match Women"]
[Site "Batumi GEO"]
[Date "2001.09.17"]
[Round "3"]
[White "Chiburdanidze,M"]
[Black "Zhu Chen"]
[Result "0-1"]
[WhiteElo "2513"]
[BlackElo "2497"]

1.d4 d5 2.c4 c6 3.Nf3 Nf6 4.e3 Bf5 5.Nc3 e6 6.Nh4 Be4 7.f3 Bg6 8.Qb3 Qc7
9.Bd2 Bd6 10.cxd5 exd5 11.O-O-O O-O 12.g4 a5 13.Nxg6 hxg6 14.Kb1 b5 15.Rc1 Qe7
16.Bd3 Nbd7 17.Rce1 a4 18.Qd1 Nb6 19.e4 dxe4 20.fxe4 Qd7 21.e5 Bxe5 22.Rxe5 Nxg4
23.Re2 Qxd4 24.Bc2 Nc4 25.Bc1 Qb6 26.Qg1 Qxg1 27.Rxg1 Nf6 28.Ne4 Nd5 29.h4 Rfe8
30.Rge1 Kf8 31.Nc5 Na3+ 32.bxa3 Rxe2 33.Rxe2 Nc3+ 34.Kb2 Nxe2 35.Bd2 Rd8
36.Bb4 Kg8 37.Be4 Nd4 38.Bc3 Kh7 39.Nb7 Rd7 40.Na5 c5 41.Nc6 Nxc6 42.Bxc6 Rd6
43.Be8 f5 44.Kc2 Rb6 45.Bd2 Rb8 46.Bd7 Rb7 47.Bc6 Rb6 48.Bg2 Rd6 49.Bg5 c4
50.Bf3 Rd3 51.Bc6 Rh3 52.Be7 f4 53.Bxb5 Rh2+ 54.Kc3 f3 55.Bxc4 f2 56.Bc5 Kh6
57.Be2 g5  0-1

[Event "EUR-ASIA Rapid Match Women"]
[Site "Batumi GEO"]
[Date "2001.09.17"]
[Round "4"]
[White "Zhu Chen"]
[Black "Chiburdanidze,M"]
[Result "0-1"]
[WhiteElo "2497"]
[BlackElo "2513"]

1.d4 Nf6 2.c4 e6 3.Nf3 b6 4.g3 Ba6 5.b3 Bb4+ 6.Bd2 Be7 7.Bg2 Bb7 8.O-O O-O
9.Nc3 d5 10.cxd5 exd5 11.Rc1 Re8 12.Ne5 Na6 13.Nb5 c5 14.dxc5 bxc5 15.Qe1 Bf8
16.Bc3 Qb8 17.Nf3 d4 18.Nbxd4 cxd4 19.Bxd4 Ne4 20.Qa5 Nb4 21.Ba1 Qd8 22.Qa4 Qb6
23.a3 Bc6 24.Bd4 Bxa4 25.Bxb6 axb6 26.bxa4 Nd5 27.Rc4 Nec3 28.Nd4 Rec8 29.Rxc8 Rxc8
30.e4 Rc4 31.Nf5 Nxe4 32.Rd1 Ndf6 33.Rd8 g6 34.Bf1 Rxa4 35.Ne3 Kg7 36.Bd3  0-1

[Event "EUR-ASIA Rapid Match Women"]
[Site "Batumi GEO"]
[Date "2001.09.18"]
[Round "5"]
[White "Zhu Chen"]
[Black "Gurieli,N"]
[Result "1/2-1/2"]
[WhiteElo "2497"]
[BlackElo "2347"]

1.d4 Nf6 2.c4 d6 3.Nf3 g6 4.Nc3 Bg7 5.e4 O-O 6.Be2 Bg4 7.Be3 Nc6 8.d5 Bxf3
9.Bxf3 Ne5 10.Be2 c6 11.f4 Ned7 12.O-O cxd5 13.cxd5 a6 14.Rc1 Rc8 15.Bf3 b5
16.Qd2 Qa5 17.a3 Rb8 18.b4 Qd8 19.Ne2 Nb6 20.Bf2 Nc4 21.Qa2 Qd7 22.Nd4 Rbc8
23.Nc6 e6 24.a4 exd5 25.exd5 Rfe8 26.axb5 axb5 27.Qa6 Nd2 28.Rfd1 Nxf3+ 29.gxf3 Ra8
30.Qxb5 Qh3 31.Bg3 Ra2 32.Qf1 Qh5 33.Re1 Rxe1 34.Rxe1 Nxd5 35.Re8+ Bf8 36.f5 Nf6
37.Rd8 Kg7 38.Qb1 Rd2 39.Qc1 Qg5 40.f4 Qxf5 41.Qxd2 Qb5 42.Qc3 Be7 43.Rb8 Qe2
44.Nxe7 Qxe7 45.Rc8 Kh6 46.Rc7 Qe6 47.Qe1 Ne4 48.Rxf7 Qxf7 49.Qxe4 Qb3 50.Qd4 d5
51.Kg2 Qc2+ 52.Bf2 Qb3 53.Bh4 Qc2+ 54.Kf3 Qxh2 55.Bg5+ Kh5 56.Qg7 Qh1+  1/2-1/2

[Event "EUR-ASIA Rapid Match Women"]
[Site "Batumi GEO"]
[Date "2001.09.18"]
[Round "6"]
[White "Gurieli,N"]
[Black "Zhu Chen"]
[Result "0-1"]
[WhiteElo "2347"]
[BlackElo "2497"]

1.c4 e6 2.g3 d5 3.Bg2 Nf6 4.Nf3 Be7 5.O-O O-O 6.b3 d4 7.Bb2 Nc6 8.e3 e5 9.exd4 exd4
10.d3 h6 11.Na3 Bg4 12.h3 Bf5 13.Nc2 Qd7 14.g4 Bh7 15.Ncxd4 Nxd4 16.Nxd4 Rad8
17.Qf3 c5 18.Nf5 Bxf5 19.gxf5 Qxd3 20.Qxb7 Rd7 21.Qf3 Qc2 22.Be5 Rfd8 23.Rfe1 Rd3
24.Qc6 Rd2 25.Bxf6 Bxf6 26.Rac1 Qb2 27.Bd5 Rxf2 28.Rcd1 Rxd5 29.Qxd5 Rh2
30.Qf3 Rc2 31.Re8+ Kh7 32.Qe4 Qc3 33.Qd3 Bd4+ 34.Kh1 Qb2 35.f6+ g6 36.Qg3 Bxf6
37.Rf1 Kg7 38.Qb8  0-1

[Event "EUR-ASIA Rapid Match"]
[Site "Batumi GEO"]
[Date "2001.09.19"]
[Round "11"]
[White "Van Wely,L"]
[Black "Zhu Chen"]
[Result "1-0"]
[WhiteElo "2695"]
[BlackElo "2497"]

1.d4 d5 2.c4 c6 3.Nc3 Nf6 4.Nf3 a6 5.cxd5 cxd5 6.Bg5 e6 7.e3 Be7 8.Bd3 O-O
9.Ne5 Nbd7 10.f4 Nxe5 11.fxe5 Nd7 12.h4 f5 13.Qh5 Qe8 14.Qf3 h6 15.Bxe7 Qxe7
16.g4 Qb4 17.O-O-O fxg4 18.Qg2 Rf3 19.a3 Qe7 20.Qxg4 Rxe3 21.Qf4 Rxd3 22.Rxd3 Nf8
23.Rg1 Kh8 24.Rdg3 Bd7 25.Rxg7 Qxg7 26.Rxg7 Kxg7 27.Qf6+ Kg8 28.Qxh6 Rc8
29.h5 Bc6 30.Qg5+ Kh8 31.Qe7 Re8 32.Qf6+  1-0

[Event "EUR-ASIA Rapid Match"]
[Site "Batumi GEO"]
[Date "2001.09.19"]
[Round "12"]
[White "Zhu Chen"]
[Black "Van Wely,L"]
[Result "0-1"]
[WhiteElo "2497"]
[BlackElo "2695"]

1.d4 Nf6 2.c4 g6 3.Nc3 d5 4.cxd5 Nxd5 5.e4 Nxc3 6.bxc3 Bg7 7.Nf3 c5 8.Be2 Bg4
9.Be3 Nc6 10.d5 Bxc3+ 11.Kf1 Bxf3 12.gxf3 Bxa1 13.Qxa1 Nd4 14.Bb5+ Kf8 15.Bxd4 cxd4
16.Qxd4 f6 17.Kg2 Qd6 18.Rc1 Kg7 19.Qc3 a6 20.Ba4 b5 21.Bb3 a5 22.Qc6 Rhc8
23.Qxc8 Rxc8 24.Rxc8 a4 25.Bd1 Qf4 26.Rc6 Qg5+ 27.Kf1 Qd2 28.Bc2 b4 29.Bxa4 Qxa2
30.Bb5 b3 31.Rb6 Qc2 32.d6 exd6 33.Rxd6 b2 34.Bd3 b1=Q+  0-1

[Event "Klompendans"]
[Site "Amsterdam NED"]
[Date "2001.10.23"]
[Round "1"]
[White "Zhu Chen"]
[Black "Hort,V"]
[Result "1/2-1/2"]
[WhiteElo "2497"]
[BlackElo "2519"]

1.d4 d5 2.c4 e6 3.Nc3 c5 4.cxd5 exd5 5.Nf3 Nc6 6.g3 Nf6 7.Bg2 Be7 8.O-O O-O
9.Bg5 cxd4 10.Nxd4 h6 11.Be3 Bg4 12.Qa4 Na5 13.Rad1 Nc4 14.Bc1 Qc8 15.Qc2 Rd8
16.Rfe1 Bb4 17.Qb3 Ba5 18.Rd3 Ne5 19.Re3 Nc6 20.Rd3 Ne5 21.Re3 Nc6 22.Rd3  1/2-1/2

[Event "Klompendans"]
[Site "Amsterdam NED"]
[Date "2001.10.24"]
[Round "2"]
[White "Portisch,L"]
[Black "Zhu Chen"]
[Result "1/2-1/2"]
[WhiteElo "2591"]
[BlackElo "2497"]

1.d4 d5 2.c4 dxc4 3.Nf3 Nf6 4.e3 e6 5.Bxc4 c5 6.Nc3 a6 7.Bd3 Nc6 8.O-O cxd4
9.exd4 Be7 10.Bg5 O-O 11.Rc1 Nd5 12.Nxd5 Bxg5 13.Nxg5 Qxg5 14.Nb6 Rb8 15.Be4 Rd8
16.Bxc6 bxc6 17.Nxc8 Rbxc8 18.Rc4 Qa5 19.Qa1 Rd6 20.Rfc1 Qb6 21.b3 Rcd8 22.g3 h6
23.Qc3 Rxd4 24.Rxd4 Rxd4 25.Qxc6 Qxc6 26.Rxc6 a5 27.Ra6 Rd5 28.h4 g5 29.hxg5 hxg5
30.g4 Kg7 31.Kf1 Kf6 32.Ra7 Kg6 33.Ra6 Kf6 34.Ra7 Kg6  1/2-1/2

[Event "Klompendans"]
[Site "Amsterdam NED"]
[Date "2001.10.25"]
[Round "3"]
[White "Zhu Chen"]
[Black "Korchnoi,V"]
[Result "1/2-1/2"]
[WhiteElo "2497"]
[BlackElo "2639"]

1.d4 Nf6 2.c4 e6 3.Nf3 b6 4.g3 Bb7 5.Bg2 Bb4+ 6.Bd2 a5 7.O-O O-O 8.Bf4 Be7
9.Nc3 Ne4 10.Qc2 Nxc3 11.Qxc3 d6 12.Rad1 Nd7 13.Qc2 Nf6 14.Ne1 Bxg2 15.Nxg2 c6
16.Ne1 d5 17.Nd3 dxc4 18.Qxc4 Rc8 19.a4 Qd7 20.Be3 Nd5 21.Bd2 c5 22.dxc5 Bxc5
23.Qb3 f5 24.Nf4 Nxf4 25.Bxf4 Qc6 26.Bd6 Rfe8 27.Bxc5 bxc5 28.Qc2 c4 29.Rd4 Re7
30.b3 cxb3 31.Qxb3 Qc3 32.Qxc3 Rxc3 33.Rb1 Rc5 34.e4 Kf7 35.exf5 exf5 36.Rb2 Kf6
37.Kg2 h5 38.f4 Re6 39.Kf3 Rec6 40.Ke3 Rc3+ 41.Kf2  1/2-1/2

[Event "Klompendans"]
[Site "Amsterdam NED"]
[Date "2001.10.28"]
[Round "5"]
[White "Zhu Chen"]
[Black "Smyslov,V"]
[Result "1/2-1/2"]
[WhiteElo "2497"]
[BlackElo "2491"]

1.d4 d5 2.c4 c6 3.Nf3 Nf6 4.e3 g6 5.Nc3 Bg7 6.Bd3 O-O 7.h3 b6 8.O-O Bb7 9.Qe2 c5
10.Rd1 cxd4 11.exd4 Nc6 12.Be3 dxc4 13.Bxc4 Na5 14.d5 Nxc4 15.Qxc4 Qc8 16.Qb3 e6
17.dxe6 Bxf3 18.gxf3 Qxe6 19.Qxe6 fxe6 20.Rd6 Rae8 21.Re1 Nd5 22.Nxd5 exd5
23.Rxd5 Bxb2 24.Kg2 Rd8 25.Red1 Bf6 26.f4 Rxd5 27.Rxd5 Rd8 28.Rb5 Rd3 29.a4 Ra3
30.Rb4 Kf7 31.Re4 Be7 32.Bd2 Bc5 33.Be3 Bd6 34.Kf3 Rb3 35.Kg4 Rb4 36.Rxb4 Bxb4
37.f5 Ba5 38.fxg6+ Kxg6 39.Kf4 a6 40.Ke4 b5 41.axb5 axb5 42.Bc5 Bc3 43.f4 Bf6
44.Bb4  1/2-1/2

[Event "Klompendans"]
[Site "Amsterdam NED"]
[Date "2001.10.29"]
[Round "6"]
[White "Hort,V"]
[Black "Zhu Chen"]
[Result "1/2-1/2"]
[WhiteElo "2519"]
[BlackElo "2497"]

1.d4 d5 2.c4 c6 3.Nf3 Nf6 4.e3 Bf5 5.Nc3 e6 6.Nh4 Bg6 7.Qb3 Qc7 8.Nxg6 hxg6
9.g3 Nbd7 10.Bd2 Be7 11.Rc1 Nb6 12.cxd5 exd5 13.a4 Qd7 14.h4 g5 15.a5 Nc8
16.Bg2 g4 17.e4 dxe4 18.Nxe4 O-O 19.a6 Nb6 20.axb7 Qxb7 21.O-O Nfd5 22.Nc5 Qc8
23.Nd3 Rb8 24.Qc2 Bf6 25.Ne5 Bxe5 26.dxe5 Qe6 27.Rfe1 Rfc8 28.Re4 Nd7 29.Rce1 Rb6  1/2-1/2

[Event "Klompendans"]
[Site "Amsterdam NED"]
[Date "2001.10.30"]
[Round "7"]
[White "Zhu Chen"]
[Black "Portisch,L"]
[Result "1/2-1/2"]
[WhiteElo "2497"]
[BlackElo "2591"]

1.d4 Nf6 2.c4 e6 3.Nf3 d5 4.Nc3 c5 5.cxd5 Nxd5 6.e4 Nxc3 7.bxc3 cxd4 8.cxd4 Bb4+
9.Bd2 Bxd2+ 10.Qxd2 O-O 11.Bc4 Nd7 12.O-O b6 13.Rfe1 Bb7 14.Rad1 Rc8 15.Bb3 Qf6
16.Qb4 Qf4 17.Qe7 Rc7 18.Qg5 Qxg5 19.Nxg5 h6 20.Nf3 Rcc8 21.d5 exd5 22.exd5 Rfe8
23.Rxe8+ Rxe8 24.Nd4 Nc5 25.Bc4 Ne4 26.Bb5 Rd8 27.Bc6 Bxc6 28.Nxc6 Rd7 29.f3 Nf6
30.d6 Ne8 31.Ne7+ Kf8 32.Nc8 Rd8 33.d7 Nf6 34.Nxa7  1/2-1/2

[Event "Klompendans"]
[Site "Amsterdam NED"]
[Date "2001.11.01"]
[Round "8"]
[White "Korchnoi,V"]
[Black "Zhu Chen"]
[Result "1/2-1/2"]
[WhiteElo "2639"]
[BlackElo "2497"]

1.c4 Nf6 2.Nc3 e5 3.g3 d5 4.cxd5 Nxd5 5.Bg2 Nb6 6.Nf3 Nc6 7.O-O Be7 8.d3 O-O
9.a4 a5 10.Be3 Be6 11.Bxb6 cxb6 12.Nd2 Rc8 13.Rc1 f6 14.Nc4 Rf7 15.Nb5 Bc5
16.Kh1 Nd4 17.Nxd4 Bxd4 18.e3 Bc5 19.f4 exf4 20.Rxf4 Rd7 21.d4 Bxd4 22.Rxd4 Rxd4
23.exd4  1/2-1/2

[Event "Klompendans"]
[Site "Amsterdam NED"]
[Date "2001.11.02"]
[Round "9"]
[White "Zhu Chen"]
[Black "Taimanov,M"]
[Result "1-0"]
[WhiteElo "2497"]
[BlackElo "2439"]

1.d4 Nf6 2.c4 e6 3.Nf3 b6 4.a3 d5 5.cxd5 exd5 6.g3 Be7 7.Bg2 O-O 8.O-O Re8
9.Nc3 Bf8 10.Bg5 c6 11.Qa4 b5 12.Qc2 Be6 13.Ne5 Qb6 14.Bxf6 gxf6 15.Nf3 Nd7
16.Rfd1 Rac8 17.Nh4 a5 18.e4 b4 19.axb4 axb4 20.Ne2 Bh6 21.Qd3 Bg4 22.h3 dxe4
23.Bxe4 Bxh3 24.Bxh7+ Kh8 25.Bf5 Bxf5 26.Nxf5 Bf8 27.Kg2 Kg8 28.Qf3  1-0

[Event "Klompendans"]
[Site "Amsterdam NED"]
[Date "2001.11.03"]
[Round "10"]
[White "Smyslov,V"]
[Black "Zhu Chen"]
[Result "1/2-1/2"]
[WhiteElo "2491"]
[BlackElo "2497"]

1.e4 c5 2.c3 d5 3.exd5 Qxd5 4.Nf3 g6 5.Na3 Bg7 6.Qb3 Be6 7.Bc4 Qe4+ 8.Kd1 Bxc4
9.Nxc4 Qd5 10.Nb6 Qc6 11.Nxa8 Nd7 12.d3 Qc8 13.Re1 Qxa8 14.Kc2 b6 15.Bf4 Ngf6
16.Bd6 Nd5 17.Qa4 Qb7 18.Qh4 N7f6 19.Be5 O-O 20.Rad1 b5 21.Kd2 h6 22.Bxf6 Nxf6
23.Qh3 Rd8 24.Ne5 Ne4+ 25.Ke2 Nxc3+ 26.bxc3 Bxe5 27.Rc1 Bf4 28.Rc2 c4 29.d4  1/2-1/2

[Event "FIDE WCh Women KO"]
[Site "Moscow RUS"]
[Date "2001.11.03"]
[Round "4.1"]
[White "Khurtsidze,N"]
[Black "Zhu Chen"]
[Result "1/2-1/2"]
[WhiteElo "2425"]
[BlackElo "2497"]

1.d4 d5 2.c4 c6 3.e3 Nf6 4.Nf3 Bf5 5.Nc3 e6 6.Nh4 Be4 7.f3 Bg6 8.Qb3 Qc7
9.Bd2 Nbd7 10.cxd5 exd5 11.O-O-O Qb6 12.Qxb6 axb6 13.e4 dxe4 14.Nxg6 hxg6
15.fxe4 Bb4 16.Bc4 b5 17.Bd3 Bxc3 18.Bxc3 Rxa2 19.Kb1 Ra6 20.h3 O-O 21.g4 Re8
22.Rde1 Nf8 23.g5 Nh5 24.h4 Raa8 25.Bc2 Rad8 26.Rd1 Ne6 27.Rhe1 b4 28.d5 bxc3
29.dxe6 fxe6 30.e5 Nf4 31.bxc3 Ng2 32.Rh1 Rxd1+ 33.Rxd1 Nxh4 34.Rd7 Rb8 35.Bb3 Re8
36.Bc2 Nf3 37.Bxg6 Rf8 38.Rxb7 Nxe5 39.Bc2 Rf1+ 40.Ka2 Rg1 41.Re7 Rg2 42.Kb1 Rxg5
43.Rxe6 c5 44.Be4 Kf7 45.Bd5 Kf8 46.Ka2 Nd3 47.Bc4 Nf4 48.Re4 Rf5 49.Bb5 g5
50.Bd7 Rd5 51.Bg4 Nd3 52.Re3 c4 53.Be6 Ra5+ 54.Kb1 Ne5 55.Re4 Rc5 56.Kc2 Kg7
57.Rd4 Rc6 58.Bd5 Rc5 59.Kd1 Nc6 60.Bxc6 Rxc6 61.Ke2 Kg6 62.Kf3 Kh5 63.Kg3 Rc5
64.Re4 Kg6 65.Kg4 Kf6 66.Rd4 Ke6 67.Kg3 Kf5 68.Kf3 Rc7 69.Rd5+ Ke6 70.Rxg5 Rd7
71.Rc5 Rd3+ 72.Ke4 Rxc3  1/2-1/2

[Event "FIDE WCh Women KO"]
[Site "Moscow RUS"]
[Date "2001.11.27"]
[Round "1.1"]
[White "Zhu Chen"]
[Black "Maggiolo,E"]
[Result "1-0"]
[WhiteElo "2497"]
[BlackElo "2090"]

1.d4 Nf6 2.c4 g6 3.Nc3 Bg7 4.e4 d6 5.Nf3 O-O 6.Be2 c5 7.d5 e5 8.dxe6 fxe6
9.O-O Nc6 10.Bg5 a6 11.Qd2 Qc7 12.Rad1 Ne8 13.Bh6 Bxh6 14.Qxh6 Qg7 15.Qxg7+ Kxg7
16.e5 Rxf3 17.Bxf3 Nxe5 18.Ne4 Nf7 19.a4 Rb8 20.Be2 b6 21.f4 Bb7 22.Ng5 Nxg5
23.fxg5 d5 24.Bg4 Nc7 25.Rf6 Re8 26.Re1 Bc8 27.Ref1 Re7 28.Rf8 Bd7 29.Rb8 b5
30.axb5 axb5 31.Ra1 bxc4 32.Ra7 Bc6 33.Rc8  1-0

[Event "FIDE WCh Women KO"]
[Site "Moscow RUS"]
[Date "2001.11.28"]
[Round "1.2"]
[White "Maggiolo,E"]
[Black "Zhu Chen"]
[Result "1/2-1/2"]
[WhiteElo "2090"]
[BlackElo "2497"]

1.e4 c5 2.c3 d5 3.exd5 Qxd5 4.d4 Nc6 5.Nf3 Bg4 6.Be2 cxd4 7.cxd4 e6 8.O-O Nf6
9.h3 Bh5 10.Nc3 Qa5 11.a3 Bd6 12.Qb3 Bxf3 13.Bxf3 Nxd4 14.Qd1 Nxf3+ 15.Qxf3 Rb8
16.Rd1 Be5 17.Bf4 Bxf4 18.Qxf4 O-O 19.Rd6 a6 20.Rb1 h6 21.Qd4 Rbc8 22.Qd3 Qc5
23.Qf3 Rc7 24.Qf4 Rc6 25.Rd8 Rc8 26.Rd6 Rc6  1/2-1/2

[Event "FIDE WCh Women KO"]
[Site "Moscow RUS"]
[Date "2001.11.30"]
[Round "2.2"]
[White "Zhu Chen"]
[Black "Petrenko,S"]
[Result "1/2-1/2"]
[WhiteElo "2497"]
[BlackElo "2336"]

1.d4 Nf6 2.c4 g6 3.Nc3 d5 4.cxd5 Nxd5 5.e4 Nxc3 6.bxc3 Bg7 7.Nf3 O-O 8.Be2 c5
9.O-O Nc6 10.d5 Bxc3 11.Bh6 Nd4 12.Rc1 Nxf3+ 13.Bxf3 Bd4 14.Bxf8 Qxf8 15.e5 b5
16.Re1 Bb7 17.d6 Bxf3 18.Qxf3 Rd8 19.Qb7 exd6 20.exd6 Qxd6 21.Qxb5 Qf4 22.Qe2 Rb8
23.g3 Qf5 24.Rc2 a5 25.Qe4 Rb1 26.Qa8+ Kg7 27.Rxb1 Qxc2 28.Rf1 Qxa2 29.Qf3 a4
30.Re1 Qb3 31.Qa8 Qb2 32.Qf3 Qb3 33.Qa8 Qc2 34.Rf1 c4 35.Kg2 c3 36.Qd5 Qd3
37.Ra1 c2 38.Rc1 h5 39.Qa2 Qe4+ 40.Kg1 h4 41.Qxc2 Qxc2 42.Rxc2 hxg3 43.hxg3 a3
44.Ra2 Bb2 45.Kg2 Kf6 46.Kf3 Ke5 47.Ke3 Kd5 48.Kd3 f5 49.Ke3 Ke5 50.Kd3 g5
51.Ke3 Kd5 52.Kd3 Kc5 53.g4 fxg4 54.Ke4 Kb4 55.Kf5 Bc1 56.Ra1 Bf4 57.Rb1+ Kc3
58.Rb6 Bd2 59.Ra6 Kb3 60.Rb6+ Bb4 61.Ra6 Bd2 62.Rb6+ Kc4 63.Ra6 Kb4 64.Kxg4 Kb3
65.Rb6+ Ka4 66.Ra6+ Ba5 67.Rd6 a2 68.Rd1 Bd2 69.Kf3 Kb3 70.Rxd2 a1=Q 71.Rd3+ Kc4
72.Re3 Qd1+ 73.Kg2 g4 74.Rg3 Kd5 75.Re3 Kd4 76.Rg3 Ke4 77.Re3+ Kf4 78.Rg3 Qd5+
79.Kg1 Qc6 80.Kh2 Kg5 81.Kg1 Kh4 82.Re3 Kg5 83.Rg3 Kf4 84.Kh2 Qc2 85.Kg2 Qd2
86.Kg1 Kf5 87.Kg2 Qf4 88.Re3 Qb4 89.Rg3 Ke5 90.Re3+ Kd4 91.Rg3 Qb7+ 92.Kg1 Qe4
93.Kh2 Qf4 94.Kg2 Qe4+ 95.Kh2 Qf5 96.Kg2 Ke4 97.Re3+ Kf4 98.Rg3 Qd5+ 99.Kg1 Qd2
100.Kg2 Kg5 101.Re3 Kh4 102.Rg3 Qd6 103.Re3 Qd5+ 104.Kg1 Qc6 105.Rg3 Qe4
106.Kh2 Qd4 107.Kg2 Qd6 108.Re3 Kg5 109.Rg3 Kf4 110.Kg1 Qc5 111.Kg2 Qd5+
112.Kg1 Qd1+ 113.Kg2 Ke4 114.Re3+ Kd4 115.Rg3 Qe2 116.Re3 Qb5 117.Rg3 Qd5+
118.Kh2 Qe4 119.Re3 Qc2 120.Kg2 Qc6+ 121.Kh2 Qd5 122.Rg3 Qe4 123.Re3 Qc2
124.Kg2 Qd1 125.Rg3 Ke4 126.Re3+ Kf4 127.Rg3 Qd5+ 128.Kh2 Qd2 129.Kg2 Kg5
130.Kg1 Kh4 131.Kg2 Qd1 132.Re3 Qd5+ 133.Kg1 Qc6  1/2-1/2

[Event "FIDE WCh Women KO"]
[Site "Moscow RUS"]
[Date "2001.12.02"]
[Round "3.3"]
[White "Zhu Chen"]
[Black "Maric,A"]
[Result "1-0"]
[WhiteElo "2497"]
[BlackElo "2457"]

1.d4 Nf6 2.c4 e6 3.Nf3 b6 4.g3 Ba6 5.b3 b5 6.cxb5 Bxb5 7.Bg2 Bc6 8.O-O a5
9.Nbd2 Qc8 10.Re1 d5 11.Ne5 Bb5 12.e4 c6 13.Bb2 Be7 14.Rc1 Qb7 15.Qf3 O-O
16.Rc2 Bb4 17.Bc3 Na6 18.a4 Bxc3 19.Rxc3 Nc7 20.axb5 Nxb5 21.Rd3 Qc7 22.Ng4 Nd7
23.Ne3 Qb6 24.Nc2 Rfc8 25.Qd1 Nf6 26.Qa1 h6 27.Na3 Nc7 28.Rc1 Na6 29.Re3 Rd8
30.Qc3 Nb4 31.Qc5 Qb7 32.Ra1 Nd7 33.Qc3 Qb6 34.h3 Rdc8 35.Ree1 Nf6 36.Rec1 Rd8
37.e5 Nd7 38.Nc2 Rac8 39.Nxb4 axb4 40.Qd3 c5 41.dxc5 Nxc5 42.Qd4 Rc6 43.Bf1 Rdc8
44.Rc2 g6 45.Rca2 Nd7 46.Qxb6 Rxb6 47.Ra8 Rc6 48.Bb5  1-0

[Event "FIDE WCh Women KO"]
[Site "Moscow RUS"]
[Date "2001.12.05"]
[Round "4.3"]
[White "Zhu Chen"]
[Black "Khurtsidze,N"]
[Result "1/2-1/2"]
[WhiteElo "2497"]
[BlackElo "2425"]

1.d4 Nf6 2.c4 e6 3.Nc3 Bb4 4.Qc2 O-O 5.a3 Bxc3+ 6.Qxc3 b6 7.Bg5 c5 8.e3 cxd4
9.Qxd4 Nc6 10.Qh4 h6 11.Bxf6 Qxf6 12.Qxf6 gxf6 13.O-O-O Ne7 14.e4 Rd8 15.Bd3 Ba6
16.Kb1 Rac8 17.b3 d5 18.cxd5 Bxd3+ 19.Rxd3 f5 20.exf5 Nxd5 21.Ne2 Nf6 22.Rxd8+ Rxd8
23.fxe6 Rd2 24.exf7+ Kxf7 25.Nc3 Rxf2 26.Rg1 Kg6 27.h3 Nh5 28.Nb5 Nf4 29.g3 Ne2
30.Rd1 a6 31.Rd6+ Kf5 32.Nc7 Nc3+ 33.Kc1 Ke4 34.Nxa6 Na2+ 35.Kd1 Nc3+ 36.Ke1 Re2+
37.Kf1 Rb2 38.h4 Ke3 39.Nb4 Rf2+ 40.Ke1 Re2+ 41.Kf1 Rf2+ 42.Ke1 Re2+ 43.Kf1  1/2-1/2

[Event "FIDE WCh Women KO"]
[Site "Moscow RUS"]
[Date "2001.12.05"]
[Round "4.2"]
[White "Zhu Chen"]
[Black "Khurtsidze,N"]
[Result "1/2-1/2"]
[WhiteElo "2497"]
[BlackElo "2425"]

1.d4 Nf6 2.c4 e6 3.Nc3 Bb4 4.Qc2 O-O 5.a3 Bxc3+ 6.Qxc3 b6 7.Bg5 c5 8.dxc5 bxc5
9.Nf3 Bb7 10.e3 d6 11.Be2 Nbd7 12.Bh4 a5 13.O-O h6 14.Qc2 Qe7 15.Nd2 a4 16.Rad1 Ra6
17.f3 Rb8 18.Nb1 Rb6 19.Rd2 Bc6 20.Qc1 d5 21.Bf2 Ne5 22.Bg3 Nfd7 23.Rfd1 R8b7
24.cxd5 exd5 25.Nc3 Nf6 26.Rc2 Ned7 27.Bf1 Qe6 28.Ne2 Rb3 29.Bf2 Qe5 30.Rdd2 Qe7
31.Kh1 Bb5 32.h3 Bxe2 33.Bxe2 Qe5 34.Kg1 c4 35.e4 dxe4 36.Bd4 Qg3 37.Bxc4 Rxf3
38.Re2 Rf5 39.Ba2 Qd6 40.Rc8+ Kh7 41.Rd2 Qe7 42.Re2 Ne5 43.Bb1 Qd7 44.Bxe5 Rxe5
45.Rc4 Rd5 46.Rexe4 g6 47.Re1 Rd2 48.Qc3 Qd5 49.Rce4 Qg5 50.R4e2 Rbxb2 51.Qxb2 Qc5+
52.Kh1 Rxb2 53.Rxb2 Qc3 54.Rbe2 Qxa3 55.Rf2 Qb4 56.Rd1 Kg7 57.Ba2 h5 58.Rb1 Qd4
59.Rf3 Kh6 60.Bxf7 Ne4 61.Re1 Ng5 62.Rff1 a3 63.Rd1 Qb2 64.Bd5 Qe5 65.Rfe1 Qg3
66.Rf1 Qh4 67.Rd3 Qb4 68.Ra1 Ne4 69.Bxe4 Qxe4 70.Rdxa3 Qf4 71.Rf3 Qd6 72.Raf1 Qe5
73.Rf8 Kg7 74.R8f7+ Kh6 75.R7f2  1/2-1/2

[Event "FIDE WCh Women KO"]
[Site "Moscow RUS"]
[Date "2001.12.05"]
[Round "4.7"]
[White "Zhu Chen"]
[Black "Khurtsidze,N"]
[Result "1-0"]
[WhiteElo "2497"]
[BlackElo "2425"]

1.d4 Nf6 2.c4 e6 3.Nc3 Bb4 4.Qc2 O-O 5.a3 Bxc3+ 6.Qxc3 b6 7.Bg5 c5 8.dxc5 bxc5
9.e3 Nc6 10.Bd3 Qa5 11.Bxf6 gxf6 12.Ne2 Ba6 13.b4 cxb4 14.axb4 Qxb4 15.Rxa6 Qxc3+
16.Nxc3 Nb4 17.Rd6 Rfc8 18.Be2 a5 19.Kd2 Rc7 20.Ra1 Kf8 21.Rb6 Nc6 22.Nb5 Rcc8
23.Rb7 Ke7 24.Kc3 Ra6 25.Rd1 Rd8 26.Nc7 Ra7 27.Rxa7 Nxa7 28.Nb5 Nc6 29.Ra1 Rc8
30.f4 d5 31.cxd5 exd5 32.Kd2 Rb8 33.Ra2 Rb6  1-0

[Event "FIDE WCh Women KO"]
[Site "Moscow RUS"]
[Date "2001.12.05"]
[Round "4.6"]
[White "Zhu Chen"]
[Black "Khurtsidze,N"]
[Result "0-1"]
[WhiteElo "2497"]
[BlackElo "2425"]

1.d4 g6 2.c4 Bg7 3.Nf3 d6 4.e4 Nd7 5.Be2 e6 6.Nc3 Ne7 7.O-O O-O 8.Re1 b6
9.Bf1 h6 10.Bd2 g5 11.h3 Bb7 12.d5 Ng6 13.Qc2 c6 14.Rad1 Rc8 15.dxe6 fxe6
16.Ne2 Qe7 17.Bc3 Nde5 18.Nxe5 Nxe5 19.Ng3 c5 20.Rd2 Rcd8 21.Qd1 Rd7 22.Re3 Bc6
23.b3 a6 24.a4 Qd8 25.Be2 Qf6 26.Bg4 Qe7 27.Be2 Bh8 28.Bb2 Rb8 29.Nf1 b5
30.axb5 axb5 31.cxb5 Bxb5 32.Bxb5 Rxb5 33.Nh2 Rb6 34.Bc3 Rdb7 35.Bxe5 Bxe5
36.Ng4 Bf4 37.Nxh6+ Kg7 38.Ng4 Bxe3 39.Nxe3 Rxb3 40.Qg4 Rb1+ 41.Kh2 R7b2
42.Rxb2 Rxb2 43.f4 Rb3 44.Nf1 Qf6 45.fxg5 Qxf1 46.h4 Rb2 47.h5 Qf7 48.g6 Qf6
49.h6+ Kxh6 50.g7 Qxg7 51.Qh3+ Kg6 52.Qxe6+ Kh7 53.Qf5+ Qg6  0-1

[Event "FIDE WCh Women KO"]
[Site "Moscow RUS"]
[Date "2001.12.05"]
[Round "4.5"]
[White "Khurtsidze,N"]
[Black "Zhu Chen"]
[Result "0-1"]
[WhiteElo "2425"]
[BlackElo "2497"]

1.d4 d5 2.Nf3 Nf6 3.c4 c6 4.e3 Bf5 5.Nc3 e6 6.Nh4 Be4 7.f3 Bg6 8.Qb3 Qc7
9.Bd2 Nbd7 10.O-O-O Qb6 11.Qxb6 axb6 12.Nxg6 hxg6 13.Kb1 dxc4 14.Bxc4 b5
15.Bb3 Bd6 16.h3 Nb6 17.e4 Bc7 18.Ne2 O-O-O 19.Rc1 Kb8 20.Be3 Rd7 21.Rc5 Nc8
22.Rd1 Rhd8 23.Rc3 Nb6 24.Rcc1 Ne8 25.Bg5 Rc8 26.e5 Bd8 27.h4 Nc7 28.Ng3 Ncd5
29.Ne4 Be7 30.Bxe7 Rxe7 31.Nd6 Rh8 32.Rh1 Ne3 33.g4 Nc8 34.Nxc8 Kxc8 35.h5 gxh5
36.gxh5 Rd7 37.Rcg1 Rh7 38.Re1 Nf5 39.Bc2 Rxd4 40.Bxf5 exf5 41.e6 fxe6 42.Rxe6 Rd3
43.Rh3 Kd7 44.Rg6 Ke7 45.Kc2 Rd5 46.Rg5 Kf7 47.Rh4 Rh6 48.Rh3 Kf6 49.Rg2 f4
50.Rg4 Rhxh5 51.Rxf4+ Rhf5 52.Rg4 Rc5+ 53.Kb3 Rce5 54.Rhg3 g5 55.a3 Re3+
56.Ka2 Rexf3 57.Rxg5 Rxa3+ 58.Rxa3 Rxg5 59.Ra7 Rg7 60.Ra8 Ke7 61.Rb8 Kd6
62.Rh8 Kc5 63.Rh5+ Kb6 64.Rh6 Rg3 65.Rh7 b4 66.Rh5 c5 67.Rh7 Kc6 68.Rh6+ Kb5
69.Rh7 b6 70.Rh8 c4 71.Rc8 Rg2 72.Rh8 c3 73.Rc8 Rxb2+ 74.Ka1 Rh2  0-1